Engineering rock mechanics : (Record no. 1026)

000 -LEADER
fixed length control field 00390 a2200121 4500
020 ## - INTERNATIONAL STANDARD BOOK NUMBER
International Standard Book Number 0080419127 (hc)
082 ## - DEWEY DECIMAL CLASSIFICATION NUMBER
Classification number 624.15132 HUD
100 ## - MAIN ENTRY--PERSONAL NAME
Personal name Hudson, J. A.
245 ## - TITLE STATEMENT
Title Engineering rock mechanics :
Remainder of title an introduction to the principles /
Statement of responsibility, etc. John A. Hudson and John P. Harrison.
250 ## - EDITION STATEMENT
Edition statement 1st ed.
260 ## - PUBLICATION, DISTRIBUTION, ETC.
Place of publication, distribution, etc. Tarrytown, NY :
Name of publisher, distributor, etc. Pergamon,
Date of publication, distribution, etc. 1997.
300 ## - PHYSICAL DESCRIPTION
Extent xii, 444 p. :
Other physical details ill. ;
Dimensions 26 cm.
650 ## - SUBJECT ADDED ENTRY--TOPICAL TERM
Topical term or geographic name entry element Rock mechanics.
Holdings
Withdrawn status Lost status Damaged status Not for loan Permanent Location Current Location Shelving location Date acquired Total Checkouts Full call number Barcode Date last seen Price effective from Koha item type Source of classification or shelving scheme Date last checked out
        School of Civil and Environmental Engineering (SCEE) School of Civil and Environmental Engineering (SCEE)       624.15132 HUD NIT-189 01/05/2017 01/05/2017 Book    
        School of Civil and Environmental Engineering (SCEE) School of Civil and Environmental Engineering (SCEE)   09/04/2019 1 624.15132 HUD NIT-190 03/10/2020 09/04/2019 Book   09/04/2019
© 2023 Central Library, National University of Sciences and Technology. All Rights Reserved.